Practical data acquisition for intrumentation and control systems

Salvato in:
Dettagli Bibliografici
Autore principale: John Park
Natura: Libro
Lingua:Undetermined
Pubblicazione: Amsterdam, The Netherlands Newnes 2003
Soggetti:
Tags: Aggiungi Tag
Nessun Tag, puoi essere il primo ad aggiungerne! !
Thư viện lưu trữ: Trung tâm Học liệu Trường Đại học Cần Thơ
LEADER 00560nam a2200181Ia 4500
001 CTU_58078
008 210402s9999 xx 000 0 und d
082 |a 004.65 
082 |b P235 
100 |a John Park 
245 0 |a Practical data acquisition for intrumentation and control systems 
245 0 |c John Park and Steve Mackay 
260 |a Amsterdam, The Netherlands 
260 |b Newnes 
260 |c 2003 
650 |a computer engineering,electronic apparatus and appliances 
904 |i Minh 
980 |a Trung tâm Học liệu Trường Đại học Cần Thơ